[Event "CZE-ch 254 corr"]
[Site "Czech Republic"]
[Date "1998.??.??"]
[Round "?"]
[White "Kuchta, Jiri"]
[Black "Macek, Ludvik"]
[Result "1-0"]
[WhiteElo "2200"]
[BlackElo "1925"]
[PlyCount "109"]
[EventDate "1998.??.??"]
[EventType "tourn (corr)"]
[EventRounds "14"]
[EventCountry "CZE"]
[SourceTitle "Corr 2002"]
[Source "ChessBase"]
[SourceDate "2002.05.23"]
[SourceVersion "1"]
[SourceVersionDate "2002.05.23"]
[SourceQuality "1"]

1. e4 c5 2. Nf3 d6 3. d4 cxd4 4. Nxd4 Nf6 5. Nc3 e5 6. Nf3 Be7 7. Bc4 0-0 8. 0-0 Nc6 9. Qe2 Bg4 10. Be3 Nb4 11. Bb3 d5 12. Nxd5 Nfxd5 13. exd5 e4 14. Qc4 Bxf3 15. gxf3 exf3 16. c3 Qd7 17. Rfd1 Na6 18. Qf4 Qh3 19. Qg3 Qh5 20. Rd4 Bf6 21. Rg4 Be5 22. Bf4 f5 23. Rg5 Bxf4 24. Qxf4 Qh6 25. Kh1 Nc5 26. Rxg7+ Qxg7 27. Rg1 Qxg1+ 28. Kxg1 Nxb3 29. axb3 Rf6 30. Qxf3 Re8 31. Kf1 Re7 32. c4 b6 33. b4 Re4 34. c5 bxc5 35. bxc5 Kg7 36. d6 Rd4 37. c6 Rdxd6 38. c7 Rc6 39. c8Q Rxc8 40. Qb7+ Rf7 41. Qxc8 f4 42. Kg2 f3+ 43. Kg3 Rf6 44. Kg4 a6 45. h4 h6 46. Qc3 Kg6 47. Qd3+ Kg7 48. Qd5 Rf7 49. Kh5 Rf6 50. Qd7+ Kf8 51. Qd8+ Kf7 52. Qxf6+ Kxf6 53. Kxh6 a5 54. b3 Kf5 55. Kh5 1-0

[Event "CZE-ch 254 corr"]
[Site "Czech Republic"]
[Date "1998.??.??"]
[Round "?"]
[White "Vondracek, Karel"]
[Black "Macek, Ludvik"]
[Result "0-1"]
[WhiteElo "2010"]
[BlackElo "1925"]
[PlyCount "126"]
[EventDate "1998.??.??"]
[EventType "tourn (corr)"]
[EventRounds "14"]
[EventCountry "CZE"]
[SourceTitle "Corr 2002"]
[Source "ChessBase"]
[SourceDate "2002.05.23"]
[SourceVersion "1"]
[SourceVersionDate "2002.05.23"]
[SourceQuality "1"]

1. e4 c5 2. Nf3 d6 3. d4 cxd4 4. Nxd4 Nf6 5. Nc3 e5 6. Bb5+ Bd7 7. Bxd7+ Nbxd7 8. Nf5 Qb6 9. 0-0 g6 10. Ne3 Rc8 11. Ned5 Nxd5 12. exd5 Bg7 13. Ne4 0-0 14. Rb1 Qb4 15. Re1 Nf6 16. a3 Qb6 17. Be3 Qa6 18. Nc3 Rc4 19. Bg5 Rfc8 20. Qd3 Nh5 21. Re4 f6 22. Bd2 f5 23. Rxc4 Qxc4 24. Qxc4 Rxc4 25. Rd1 e4 26. Kf1 Be5 27. g3 Nf6 28. Ke2 Kf7 29. h3 b6 30. Be1 Rc5 31. Rc1 Nxd5 32. Nxd5 Rxd5 33. c3 f4 34. gxf4 Bxf4 35. Rd1 Rb5 36. b4 Rh5 37. Rd4 Rxh3 38. Rxe4 g5 39. b5 Rh6 40. Ra4 Re6+ 41. Kf1 Re7 42. Rd4 Kg6 43. c4 Be5 44. Rd3 g4 45. Kg2 Rc7 46. Bb4 Kf5 47. Rd1 h5 48. Rh1 Rh7 49. Rd1 h4 50. Rd2 h3+ 51. Kh1 Ke6 52. Re2 Rc7 53. Rc2 Kf5 54. a4 d5 55. c5 bxc5 56. Rxc5 d4 57. a5 Rxc5 58. Bxc5 d3 59. Be3 Bf4 60. b6 axb6 61. a6 Bxe3 62. fxe3 d2 63. a7 g3 0-1